• 首页
  • 本馆介绍
  • 公告通知
  • 最新文献
  • 馆藏检索
  • 电子资源
  • 读者导购
  • 参考咨询
  • 我的图书馆
  • 登录
  • 详细信息显示
  • 放入我的书架
  • 预约/预借图书
  • 作者相关作品
  • 分类相关作品
  • 丛书相关作品
  • 出版社相关作品

书目信息

  • 表格格式
  • 工作单格式
  • 卡片格式
题名:
中国共产党章程
    
 
作者:
分册:  
出版信息: 北京   中国方正出版社  2023.05
页数: 61页
开本: 18cm
丛书名:
单 册:
中图分类: D21
科图分类:
主题词: 中国共产党
电子资源:
ISBN: 7-5174-1091-1
000 00521nam0 2200193 450
001 2434886490
005 20241009103212.39
010    @a7-5174-1091-1@dCNY4.00
100    @a20241009d2023 km y0chiy0120 ea
101 0  @achi
102    @aCN@b110000
102    @aCN
200 1  @a中国共产党章程@AZhong Guo Gong Chan Dang Zhang Cheng
210    @a北京@c中国方正出版社@d2023.05
215    @a61页@d18cm
606 0  @a中国共产党
690    @aD21@v4
801  0 @aCN@b大连网信软件有限公司图书馆·11@c20241009
905    @aZUCC@dD21@e251
    
    中国共产党章程.-北京:中国方正出版社,2023.05
    61页;18cm
    
    
    ISBN 7-5174-1091-1:CNY4.00
    
●
相关链接 在E读中查询图书 在五车中查询图书 在当当中查询图书 在豆瓣中查询图书


正题名:中国共产党章程     索取号:D21/251         预约/预借

序号 登录号 条形码 馆藏地/架位号 状态 备注
1 1422019   214220190   密集书库2/ [索取号:D21/251] 在馆    
2 1422337   214223375   密集书库2/ [索取号:D21/251] 在馆    
3 1424235   214242354   密集书库2/ [索取号:D21/251] 在馆    
4 1424236   214242363   密集书库2/ [索取号:D21/251] 在馆    
5 1424261   214242611   密集书库2/ [索取号:D21/251] 在馆    
6 1424262   214242620   密集书库2/ [索取号:D21/251] 在馆    
7 1424263   214242639   密集书库2/ [索取号:D21/251] 在馆    
8 1424264   214242648   密集书库2/ [索取号:D21/251] 在馆    
9 1424265   214242657   密集书库2/ [索取号:D21/251] 在馆    
10 1424266   214242666   密集书库2/ [索取号:D21/251] 在馆    
11 1424267   214242675   密集书库2/ [索取号:D21/251] 在馆    
12 1424268   214242684   密集书库2/ [索取号:D21/251] 在馆    
13 1424269   214242693   密集书库2/ [索取号:D21/251] 在馆    
14 1424270   214242700   密集书库2/ [索取号:D21/251] 在馆    
15 1424271   214242719   密集书库2/ [索取号:D21/251] 在馆    
16 1424272   214242728   密集书库2/ [索取号:D21/251] 在馆    
17 1424273   214242737   密集书库2/ [索取号:D21/251] 在馆    
18 1424274   214242746   密集书库2/ [索取号:D21/251] 在馆    
19 1424275   214242755   密集书库2/ [索取号:D21/251] 在馆    
唐山师范学院图书馆 欢迎您!
大连网信软件有限公司© 版权所有